000 00293nam a22001337a 4500
008 170703b xxu||||| |||| 00| 0 eng d
020 _a9780312439378
041 _aeng
080 _22ND
_a82
100 _a22
101 _aGJL
245 _aTHE MAKING OF THE WEST
_cHUNT, L
942 _2udc
_cBK
999 _c19851
_d19851